Score 0/18 Timer 02:00
3 Plays Today
% Correct
perm
92.3%
perm
91.9%
herm
90.6%
term
90.1%
merm
88.9%
perm
88.4%
herm
88.3%
verm
87.8%
term
87.7%
% Correct
perm
87.1%
verm
87%
ferm
86.6%
berm
84.6%
perm
81.9%
herm
81.1%
term
76.3%
ferm
67.4%
ferm
60.9%
Remove Ads.
Support Sporcle.
Get the best of Sporcle when you Go Orange. This ad-free experience offers more features, more stats, and more fun while also helping to support Sporcle. Thank you for becoming a member.

You're not logged in!

Compare scores with friends on all Sporcle quizzes.
OR
Log In

Show Comments

Extras

Top Quizzes Today


Score Distribution

Your Account Isn't Verified!

In order to create a playlist on Sporcle, you need to verify the email address you used during registration. Go to your Sporcle Settings to finish the process.

Report this User

Report this user for behavior that violates our Community Guidelines.

Details: